000 00503nam a2200181Ia 4500
005 20250326123551.0
008 250326s9999 xx 000 0 und d
037 _aTextbook
040 _aFMSL
_beng
_cFMSL
041 _aeng
_2eng
084 _aB2893P K8
_qFMSL
100 _aHays W O
_9735497
245 0 _aAdvanced linear-programming computing techniques
_cHays W O
260 _aNY
_bNY, McGraw-Hill
_c1968
300 _a355p
942 _cTB
_hB2893P K8
999 _c1269954
_d1269954